Country flags random! - Statistics

General Stats
  • This quiz has been taken 5,305 times
  • The average score is 13 of 15
Answer Stats
Picture Answer % Correct
Australia
99%
United Kingdom
99%
Argentina
98%
Canada
98%
Finland
98%
France
98%
Greece
98%
India
98%
Japan
98%
Mexico
98%
South korea
98%
Spain
98%
Switzerland
98%
Ukraine
98%
Brazil
97%
China
97%
Italy
97%
Jamaica
97%
Sweden
97%
Turkey
97%
United States
97%
Belgium
96%
Chile
96%
Germany
96%
Ireland
96%
Kenya
96%
Nepal
96%
New zealand
96%
Norway
96%
Portugal
96%
Croatia
95%
Iran
95%
Netherlands
95%
Poland
95%
Russia
95%
South africa
95%
Denmark
94%
Romania
94%
Saudi arabia
94%
Estonia
93%
Malaysia
93%
Morocco
93%
North macedonia
93%
Slovenia
93%
Sri lanka
93%
Thailand
93%
Uruguay
93%
Austria
92%
Bhutan
92%
Georgia
92%
Lebanon
92%
Nigeria
92%
North korea
92%
Vietnam
92%
Angola
91%
Monaco/Indonesia
91%
Philippines
91%
Slovakia
91%
Vatican city
91%
Colombia
90%
Cuba
90%
Hungary
90%
Iceland
90%
Iraq
90%
Liechtenstein
89%
Singapore
88%
Bosnia and herzegovina
87%
Bulgaria
87%
Czechia
87%
Kazakhstan
87%
San marino
87%
Venezuela
87%
Belarus
86%
Chad
86%
Luxembourg
86%
Niger
86%
Peru
86%
Ethiopia
85%
Latvia
85%
Trinidad and tobago
85%
Yemen
85%
Uzbekistan
84%
Fiji
83%
Lithuania
83%
Dominican republic
82%
Guatemala
82%
Mongolia
82%
Palau
82%
Ecuador
81%
United arab emirates
81%
Andorra
80%
Botswana
80%
Libya
80%
Zimbabwe
78%
Turkmenistan
77%
Haiti
76%
Madagascar
76%
Oman
76%
Tonga
75%
Tuvalu
74%
Paraguay
72%
Suriname
69%
Antarctica
65%
Bolivia
62%
Curacao
31%
Bonaire
23%
No matching quizzes found
Score Distribution
Percent of People with Each Score
Percentile by Number Answered
Your Score History
You have not taken this quiz